书目信息 |
| 题名: |
人权的终结
|
|
| 作者: | 杜兹纳 , Douzinas 著 ;郭春发 译 | |
| 分册: | ||
| 出版信息: | 南京 江苏人民出版社 2002 |
|
| 页数: | 432页 | |
| 开本: | 20cm | |
| 丛书名: | 汉译大众精品文库 | |
| 单 册: | ||
| 中图分类: | D815.7 | |
| 科图分类: | ||
| 主题词: | 人权--研究 , 人权 , 国际关系 | |
| 电子资源: | ||
| ISBN: | 7-214-03179-5 | |
| 000 | 00958oam2 2200301 450 | |
| 001 | 1239873953 | |
| 005 | 20121005110519.93 | |
| 010 | @a7-214-03179-5@dCNY23.00 | |
| 100 | @a20020808d2002 em y0chiy0110 ea | |
| 101 | 1 | @achi@ceng |
| 102 | @aCN@b320000 | |
| 105 | @ay z 000yy | |
| 200 | 1 | @a人权的终结@Aren quan de zhong jie@f(美)科斯塔斯·杜兹纳(Costas Douzinas)著@g郭春发译 |
| 210 | @a南京@c江苏人民出版社@d2002 | |
| 215 | @a432页@d20cm | |
| 225 | 2 | @a汉译大众精品文库 |
| 330 | @a本书包括:人权的胜利、自然法简史、自由主体与依附主体、想象域与乌托邦的未来、他者人权和人权的终结等十四章内容。 | |
| 461 | 0 | @12001 @a汉译大众精品文库 |
| 510 | 1 | @aThe End of Human Rights@zeng |
| 606 | 0 | @a人权@x研究 |
| 606 | 0 | @a人权 |
| 606 | 0 | @a国际关系 |
| 690 | @aD815.7@v4 | |
| 701 | 1 | @a杜兹纳@Adu zi na@bC.@4著 |
| 701 | 1 | @aDouzinas@bCostas@4著 |
| 702 | 0 | @a郭春发@Aguo chun fa@4译 |
| 801 | 0 | @aCN@bNLC@c20101222 |
| 905 | @a10447@dD815.7@eJY37 | |
| 人权的终结/(美)科斯塔斯·杜兹纳(Costas Douzinas)著/郭春发译.-南京:江苏人民出版社,2002 |
| 432页;20cm.-(汉译大众精品文库) |
| ISBN 7-214-03179-5:CNY23.00 |
| 本书包括:人权的胜利、自然法简史、自由主体与依附主体、想象域与乌托邦的未来、他者人权和人权的终结等十四章内容。 |
| ● |
| 相关链接 |
|
|
|
|
正题名:人权的终结
索取号:D815.7/JY37
 
预约/预借
| 序号 | 登录号 | 条形码 | 馆藏地/架位号 | 状态 | 备注 |
| 1 | 7812627 | 278126270 | 学院路分馆/ [索取号:D815.7/JY37] | 在馆 | |
| 2 | 7812628 | 278126289 | 学院路分馆/ [索取号:D815.7/JY37] | 在馆 |